[Event "Hannover-chA"]
[Site "Lehrte"]
[Date "2016.10.04"]
[Round "7"]
[White "Eilert, Marius"]
[Black "Tenninger, Marc"]
[Result "1/2-1/2"]
[WhiteElo "1923"]
[BlackElo "1829"]
[PlyCount "49"]
[EventDate "2016.10.01"]
[EventType "swiss"]
[EventRounds "7"]
[EventCountry "GER"]
[SourceTitle "EXT 2020"]
[Source "ChessBase"]
[SourceDate "2019.10.17"]
[SourceVersion "1"]
[SourceVersionDate "2019.10.17"]
[SourceQuality "1"]

1. e4 c6 2. d4 d5 3. Nc3 dxe4 4. Nxe4 Bf5 5. Ng3 Bg6 6. h4 h6 7. Nh3 e6 8. Nf4 Bh7 9. Bc4 Nf6 10. 0-0 Bd6 11. Re1 Bxf4 12. Bxf4 0-0 13. c3 Nbd7 14. Nh5 Nxh5 15. Qxh5 Nf6 16. Qf3 Nd5 17. Bxd5 Qxd5 18. Qh3 Qf5 19. Qg3 Qg6 20. Qh2 Rad8 21. Re2 Rd5 22. Rae1 Qg4 23. Re3 Rh5 24. Rg3 Qf5 25. Rge3 1/2-1/2

[Event "Niedersachsen-ch U18"]
[Site "Rotenburg"]
[Date "2009.04.09"]
[Round "8"]
[White "Tenninger, Marc"]
[Black "Kyas, Philipp"]
[Result "1/2-1/2"]
[WhiteElo "1774"]
[BlackElo "1921"]
[PlyCount "102"]
[EventDate "2009.04.04"]
[EventType "swiss"]
[EventRounds "9"]
[EventCountry "GER"]
[SourceTitle "EXT 2010"]
[Source "ChessBase"]
[SourceDate "2010.11.25"]
[SourceVersion "1"]
[SourceVersionDate "2010.11.25"]
[SourceQuality "1"]

1. d4 Nf6 2. Nf3 e6 3. e3 b6 4. c4 Bb7 5. Bd3 Be7 6. 0-0 Ne4 7. b3 f5 8. Bb2 0-0 9. Nc3 Nf6 10. Qe2 Qe8 11. Rfd1 d6 12. d5 exd5 13. cxd5 Nxd5 14. Bc4 c6 15. Nxd5 cxd5 16. Bxd5+ Bxd5 17. Rxd5 Nc6 18. Ba3 Rf6 19. Rad1 Rd8 20. Qb5 Ne5 21. Qxe8+ Rxe8 22. Nxe5 dxe5 23. Rxe5 Kf8 24. Bxe7+ Rxe7 25. Rxe7 Kxe7 26. Kf1 Rc6 27. Ke2 a5 28. f3 Rh6 29. h3 Rg6 30. Kf2 Rc6 31. Rd2 Rc3 32. g4 fxg4 33. hxg4 Ke6 34. f4 g6 35. g5 Rc1 36. Ke2 Kf5 37. Rd6 Kg4 38. Rxb6 Rc2+ 39. Kd3 Rxa2 40. Re6 a4 41. bxa4 Rxa4 42. Re7 Kf3 43. Rxh7 Ra3+ 44. Kd4 Ra4+ 45. Ke5 Ra5+ 46. Kf6 Ra6+ 47. Kg7 Kxe3 48. Rh6 Kxf4 49. Rxg6 Ra3 50. Kh6 Rh3+ 51. Kg7 Ra3 1/2-1/2

[Event "Niedersachsen-ch op"]
[Site "Verden"]
[Date "2009.01.05"]
[Round "6"]
[White "Tenninger, Marc"]
[Black "Eickhoff, Hermann"]
[Result "1-0"]
[WhiteElo "1761"]
[BlackElo "2063"]
[PlyCount "105"]
[EventDate "2009.01.03"]
[EventType "swiss"]
[EventRounds "7"]
[EventCountry "GER"]
[SourceTitle "EXT 2012"]
[Source "ChessBase"]
[SourceDate "2011.11.24"]
[SourceVersion "1"]
[SourceVersionDate "2011.11.24"]
[SourceQuality "1"]

1. d4 Nf6 2. Nf3 e6 3. Bf4 c5 4. c3 Nc6 5. e3 cxd4 6. Nxd4 Be7 7. Nb5 e5 8. Bg5 d6 9. Bxf6 gxf6 10. Bc4 a6 11. N5a3 Bf5 12. Qb3 0-0 13. Qxb7 Na5 14. Qf3 Bg6 15. Bd5 Rb8 16. b4 Qb6 17. 0-0 Nb7 18. Nd2 Nd8 19. e4 Ne6 20. h4 h5 21. Nac4 Qc7 22. g3 Kh7 23. Rfc1 Rg8 24. Ne3 Nf4 25. Kh2 Ne6 26. Nf5 Bf8 27. Nc4 Ng7 28. Nce3 Qc8 29. Nxg7 Kxg7 30. Nf5+ Bxf5 31. Qxf5 Qxf5 32. exf5 Be7 33. a4 Bd8 34. a5 Bc7 35. Rcb1 Rgc8 36. c4 Bd8 37. b5 Rc5 38. bxa6 Rxb1 39. Rxb1 Rxa5 40. Bb7 Ra2 41. Kg2 Bc7 42. Kf3 Bb8 43. c5 dxc5 44. Bd5 Ra3+ 45. Rb3 Rxb3+ 46. Bxb3 Ba7 47. Ke4 Kf8 48. Kd5 Ke7 49. Bc4 Kd7 50. f3 Kc7 51. g4 Kd7 52. gxh5 Ke7 53. Kc6 1-0

[Event "Niedersachsen-ch U18"]
[Site "Rotenburg"]
[Date "2008.03.18"]
[Round "5"]
[White "Kusmierek, Phillip"]
[Black "Tenninger, Marc"]
[Result "0-1"]
[WhiteElo "1930"]
[BlackElo "1746"]
[PlyCount "75"]
[EventDate "2008.03.15"]
[EventType "swiss"]
[EventRounds "9"]
[EventCountry "GER"]
[SourceTitle "EXT 2009"]
[Source "ChessBase"]
[SourceDate "2008.11.26"]
[SourceVersion "1"]
[SourceVersionDate "2008.11.26"]
[SourceQuality "1"]

1. e4 c6 2. d4 d5 3. e5 Bf5 4. Nc3 e6 5. g4 Bg6 6. Nge2 Nd7 7. h4 h6 8. Nf4 Bh7 9. Be3 Qc7 10. Qd2 0-0-0 11. Nh5 Bg6 12. Ng3 a6 13. Nce2 c5 14. c3 Kb8 15. f4 Ne7 16. Bh3 Nc6 17. f5 exf5 18. gxf5 Bh7 19. Kd1 cxd4 20. cxd4 Nb6 21. b3 Bb4 22. Qb2 Be7 23. Bg4 Rhe8 24. Nh5 g6 25. Ng7 gxf5 26. Nxe8 Rxe8 27. Bh5 Nb4 28. Nf4 Rg8 29. Rc1 Qd8 30. a3 Nc6 31. Bxf7 Rg3 32. Ne6 Qc8 33. Bf4 Rg4 34. Rc2 Bg8 35. Rg2 Bxf7 36. Rxg4 fxg4 37. Nc5 Qf5 38. Qd2 0-1

[Event "Niedersachsen-ch"]
[Site "Verden"]
[Date "2008.01.04"]
[Round "3"]
[White "Tenninger, Marc"]
[Black "Hilker, Bjoern"]
[Result "0-1"]
[WhiteElo "1746"]
[BlackElo "1944"]
[PlyCount "32"]
[EventDate "2008.01.03"]
[EventType "swiss"]
[EventRounds "7"]
[EventCountry "GER"]
[SourceTitle "EXT 2010"]
[Source "ChessBase"]
[SourceDate "2010.11.25"]
[SourceVersion "1"]
[SourceVersionDate "2010.11.25"]
[SourceQuality "1"]

1. d4 d5 2. Nf3 e6 3. Bf4 c5 4. c3 Nc6 5. e3 Nf6 6. Be2 Be7 7. 0-0 0-0 8. h3 Ne4 9. Nbd2 f5 10. Ne5 Bd7 11. dxc5 Bxc5 12. Nxe4 fxe4 13. c4 d4 14. Nxc6 Bxc6 15. exd4 Bxd4 16. Qc2 Rxf4 0-1

[Event "Hannover-ch U18"]
[Site "Bueckeburg"]
[Date "2007.11.02"]
[Round "4"]
[White "Kaase, Julian"]
[Black "Tenninger, Marc"]
[Result "0-1"]
[WhiteElo "1605"]
[BlackElo "1587"]
[PlyCount "84"]
[EventDate "2007.11.01"]
[EventType "swiss"]
[EventRounds "7"]
[EventCountry "GER"]
[SourceTitle "EXT 2021"]
[Source "ChessBase"]
[SourceDate "2020.10.23"]
[SourceVersion "1"]
[SourceVersionDate "2020.10.23"]
[SourceQuality "1"]

1. e4 c6 2. d4 d5 3. Nc3 dxe4 4. Nxe4 Bf5 5. Ng3 Bg6 6. h4 h6 7. Nf3 Nd7 8. h5 Bh7 9. Bd3 Bxd3 10. Qxd3 e6 11. Bf4 Qa5+ 12. Bd2 Qc7 13. 0-0-0 Ngf6 14. Rhe1 Bd6 15. Nf5 0-0-0 16. Nxg7 Rdg8 17. Nxe6 fxe6 18. Rxe6 Nxh5 19. g3 Nhf6 20. Qf5 Ng4 21. Nh4 Nxf2 22. Rxd6 Qxd6 23. Qxf2 Qxg3 24. Qxg3 Rxg3 25. Nf5 Rh3 26. Nd6+ Kc7 27. Bf4 Kb6 28. Be3 Nf6 29. d5+ c5 30. Nc4+ Ka6 31. Rd3 b5 32. Ra3+ Kb7 33. Nd6+ Kb6 34. Rc3 Rh1+ 35. Kd2 Nxd5 36. Bxc5+ Kc6 37. Bd4+ Nxc3 38. Bxh8 Nxa2 39. Nc8 a6 40. Ne7+ Kc5 41. c3 Rh2+ 42. Kd3 Nc1+ 0-1

[Event "Niedersachsen-chT U16"]
[Site "Stade"]
[Date "2007.05.19"]
[Round "6.2"]
[White "Eilert, Marius"]
[Black "Tenninger, Marc"]
[Result "1/2-1/2"]
[WhiteElo "1435"]
[BlackElo "1605"]
[PlyCount "122"]
[EventDate "2007.05.17"]
[EventType "team-tourn"]
[EventRounds "7"]
[EventCountry "GER"]
[SourceTitle "EXT 2008"]
[Source "ChessBase"]
[SourceDate "2007.11.25"]
[SourceVersion "1"]
[SourceVersionDate "2007.11.25"]
[SourceQuality "1"]

1. e4 c6 2. d4 d5 3. exd5 cxd5 4. Bd3 Nc6 5. c3 Nf6 6. h3 Qc7 7. Nf3 e6 8. Be3 Bd6 9. Nbd2 0-0 10. 0-0 a6 11. Rc1 b5 12. Bb1 Bf4 13. Re1 Bb7 14. Bxf4 Qxf4 15. Ne5 Rac8 16. Re3 Rc7 17. Nb3 Rfc8 18. Nc5 Nxe5 19. dxe5 Nd7 20. Nxb7 Rxb7 21. Qd3 g6 22. Rce1 Rbc7 23. Qd4 Qg5 24. Rg3 Qh6 25. Qe3 Qxe3 26. Rgxe3 Rc4 27. g3 Nb6 28. Kg2 d4 29. cxd4 Rxd4 30. Rd3 Rxd3 31. Bxd3 Rc5 32. f4 Nd5 33. a3 b4 34. Bxa6 bxa3 35. bxa3 Ra5 36. Bb7 Rxa3 37. Bxd5 exd5 38. Rd1 Ra5 39. Kf3 Kf8 40. Kg4 h6 41. Rd3 Ke7 42. Kf3 f6 43. exf6+ Kxf6 44. Rb3 Ra6 45. g4 Rd6 46. Ke3 h5 47. Kd4 Ke6 48. Re3+ Kf6 49. Re5 hxg4 50. hxg4 Ra6 51. Rxd5 Ra4+ 52. Ke3 Ra3+ 53. Rd3 Ra6 54. Ke4 Ra4+ 55. Rd4 Ra6 56. g5+ Ke6 57. Rb4 Rc6 58. Rb5 Rc4+ 59. Kf3 Rc3+ 60. Kg4 Rc6 61. Re5+ Kf7 1/2-1/2

[Event "Niedersachsen-chT U16"]
[Site "Stade"]
[Date "2007.05.18"]
[Round "3.2"]
[White "Richter, Stefan1111"]
[Black "Tenninger, Marc"]
[Result "1-0"]
[WhiteElo "1587"]
[BlackElo "1605"]
[PlyCount "41"]
[EventDate "2007.05.17"]
[EventType "team-tourn"]
[EventRounds "7"]
[EventCountry "GER"]
[SourceTitle "EXT 2008"]
[Source "ChessBase"]
[SourceDate "2007.11.25"]
[SourceVersion "1"]
[SourceVersionDate "2007.11.25"]
[SourceQuality "1"]

1. e4 c6 2. d4 d5 3. exd5 cxd5 4. Bf4 Nf6 5. c3 Nc6 6. Bb5 Bf5 7. Nf3 e6 8. 0-0 Bd6 9. Ne5 Rc8 10. Qa4 Qc7 11. Qxa7 0-0 12. Bxc6 bxc6 13. Qxc7 Rxc7 14. f3 c5 15. dxc5 Bxc5+ 16. Kh1 Rb8 17. b4 Bb6 18. a4 Nh5 19. Bd2 Nf6 20. g4 Bc2 21. Rc1 1-0

[Event "Niedersachsen-ch op"]
[Site "Verden"]
[Date "2007.01.05"]
[Round "3"]
[White "Hilgendorff, Finn"]
[Black "Tenninger, Marc"]
[Result "1-0"]
[WhiteElo "1914"]
[BlackElo "1735"]
[PlyCount "51"]
[EventDate "2007.01.04"]
[EventType "swiss"]
[EventRounds "7"]
[EventCountry "GER"]
[SourceTitle "EXT 2021"]
[Source "ChessBase"]
[SourceDate "2020.10.23"]
[SourceVersion "1"]
[SourceVersionDate "2020.10.23"]
[SourceQuality "1"]

1. e4 c6 2. Nf3 d5 3. exd5 cxd5 4. Ne5 Nf6 5. Bb5+ Bd7 6. Nxd7 Nbxd7 7. d4 e6 8. c3 Bd6 9. 0-0 0-0 10. f4 Ne4 11. Nd2 f5 12. Nf3 a6 13. Be2 b5 14. Ne5 Rf6 15. Qe1 Ra7 16. Nc6 Qb6 17. Nxa7 Qxa7 18. Bd3 Qb8 19. a4 Rf7 20. axb5 axb5 21. Ra5 b4 22. c4 dxc4 23. Bxc4 Nf8 24. d5 b3 25. dxe6 Re7 26. Rb5 1-0

[Event "Hannover-ch U16"]
[Site "Lehrte"]
[Date "2006.10.15"]
[Round "4"]
[White "Tenninger, Marc"]
[Black "Schroder, Michael"]
[Result "1-0"]
[WhiteElo "1552"]
[BlackElo "1090"]
[PlyCount "61"]
[EventDate "2006.10.14"]
[EventType "swiss"]
[EventRounds "7"]
[EventCountry "GER"]
[SourceTitle "EXT 2021"]
[Source "ChessBase"]
[SourceDate "2020.10.23"]
[SourceVersion "1"]
[SourceVersionDate "2020.10.23"]
[SourceQuality "1"]

1. d4 d5 2. c4 dxc4 3. e3 Nc6 4. Bxc4 Nf6 5. Nf3 Bf5 6. Qb3 e6 7. Qxb7 Nb4 8. Bb5+ c6 9. Bxc6+ Nxc6 10. Qxc6+ Nd7 11. 0-0 Qc8 12. Qxc8+ Rxc8 13. Nc3 Bb4 14. Bd2 0-0 15. a3 Bxc3 16. Bxc3 Bg4 17. h3 Bxf3 18. gxf3 f6 19. Kh2 e5 20. Rac1 Rf7 21. Rfd1 exd4 22. Bxd4 Rxc1 23. Rxc1 h6 24. Kg3 g5 25. Bxa7 Ne5 26. Bd4 Kg7 27. Bxe5 fxe5 28. b4 Re7 29. b5 e4 30. fxe4 Rxe4 31. b6 1-0

[Event "Hannover-ch U16"]
[Site "Lehrte"]
[Date "2006.10.14"]
[Round "2"]
[White "Olkhovskiy, Vladislav"]
[Black "Tenninger, Marc"]
[Result "1/2-1/2"]
[WhiteElo "1270"]
[BlackElo "1552"]
[PlyCount "118"]
[EventDate "2006.10.14"]
[EventType "swiss"]
[EventRounds "7"]
[EventCountry "GER"]
[SourceTitle "EXT 2021"]
[Source "ChessBase"]
[SourceDate "2020.10.23"]
[SourceVersion "1"]
[SourceVersionDate "2020.10.23"]
[SourceQuality "1"]

1. e4 c6 2. Nf3 d5 3. exd5 cxd5 4. d4 Nf6 5. c4 e6 6. Bd3 Be7 7. 0-0 0-0 8. Re1 b6 9. Nc3 Bb7 10. Ne5 Nc6 11. cxd5 Nxd5 12. Nxd5 exd5 13. Qh5 g6 14. Nxc6 Bxc6 15. Qf3 Bf6 16. Bh6 Bg7 17. Qf4 Bxh6 18. Qxh6 Qf6 19. Re5 Rfe8 20. Rae1 Rxe5 21. Rxe5 Re8 22. Qe3 Rxe5 23. Qxe5 Qxe5 24. dxe5 Kf8 25. f4 Ke7 26. g3 f6 27. exf6+ Kxf6 28. Kf2 h6 29. Ke3 Be8 30. g4 Ba4 31. b3 Bd7 32. Be2 Be6 33. h4 Bf7 34. g5+ hxg5 35. hxg5+ Ke6 36. Bg4+ Kd6 37. b4 Be6 38. Be2 Bf5 39. Kd4 Be4 40. Ba6 Ke6 41. Bc8+ Kd6 42. a3 a5 43. Ba6 Kc6 44. bxa5 bxa5 45. a4 Kd6 46. Bb7 Ke6 47. Bc8+ Kd6 48. Bb7 Bc2 49. Bxd5 Bxa4 50. Bf7 Bc2 51. Bc4 a4 52. Kc3 Bb3 53. Bd3 Bf7 54. f5 gxf5 55. Bxf5 a3 56. g6 Bg8 57. Bd3 Kc5 58. Kc2 Kd4 59. Bf5 Kc4 1/2-1/2

[Event "GER-chT Nord-West U20"]
[Site "Germany"]
[Date "2006.10.07"]
[Round "2.5"]
[White "Seidel, Mika"]
[Black "Tenninger, Marc"]
[Result "1-0"]
[WhiteElo "1720"]
[BlackElo "1738"]
[PlyCount "109"]
[EventDate "2006.09.24"]
[EventType "team"]
[EventRounds "9"]
[EventCountry "GER"]
[SourceTitle "EXT 2008"]
[Source "ChessBase"]
[SourceDate "2007.11.25"]
[SourceVersion "1"]
[SourceVersionDate "2007.11.25"]
[SourceQuality "1"]

1. c4 c6 2. Nc3 d5 3. cxd5 cxd5 4. d4 Nf6 5. Bf4 a6 6. Nf3 Nc6 7. e3 Bf5 8. Be2 h6 9. 0-0 e6 10. a3 Bd6 11. Bxd6 Qxd6 12. Rc1 0-0 13. h3 Rfc8 14. Bd3 Bxd3 15. Qxd3 Rc7 16. Rc2 Rac8 17. Rfc1 Na5 18. Nd2 b5 19. a4 Nc6 20. Na2 Na7 21. Nb3 Rxc2 22. Rxc2 Rxc2 23. Qxc2 Ne4 24. axb5 axb5 25. Nc3 Qc6 26. Qd3 Nxc3 27. Qxc3 Qxc3 28. bxc3 Nc6 29. Kf1 b4 30. cxb4 Nxb4 31. Ke2 Kf8 32. Nc5 Ke7 33. Nd3 Nc6 34. Kd2 f6 35. Nf4 g5 36. Nd3 e5 37. Kc3 Kd6 38. Nb4 Nxb4 39. Kxb4 Kc6 40. Ka5 h5 41. g4 hxg4 42. hxg4 e4 43. Ka6 Kd7 44. Kb7 Ke6 45. Kc6 f5 46. gxf5+ Kxf5 47. Kxd5 g4 48. Kc5 g3 49. fxg3 Kg4 50. d5 Kxg3 51. d6 Kf3 52. d7 Kxe3 53. d8Q Kf2 54. Qh4+ Kf3 55. Qe1 1-0

[Event "GER-chT Nord-West U20"]
[Site "Germany"]
[Date "2006.09.24"]
[Round "1"]
[White "Tenninger, Marc"]
[Black "Besch, Fabian"]
[Result "0-1"]
[WhiteElo "1738"]
[BlackElo "1612"]
[PlyCount "120"]
[EventDate "2006.09.24"]
[EventType "team"]
[EventRounds "9"]
[EventCountry "GER"]
[SourceTitle "EXT 2008"]
[Source "ChessBase"]
[SourceDate "2007.11.25"]
[SourceVersion "1"]
[SourceVersionDate "2007.11.25"]
[SourceQuality "1"]

1. d4 e6 2. Nf3 Nf6 3. Bf4 c5 4. dxc5 Bxc5 5. Bd6 Qb6 6. Bxc5 Qxc5 7. c3 b6 8. e3 Ba6 9. Bxa6 Nxa6 10. 0-0 Qc7 11. Na3 Qc5 12. Qa4 Nb8 13. Rfd1 0-0 14. Nb5 d5 15. Nbd4 a6 16. Ne5 b5 17. Qa5 Nfd7 18. Nd3 Qb6 19. Qxb6 Nxb6 20. Nc5 Rc8 21. b4 N8d7 22. Ndb3 Nxc5 23. Nxc5 Na4 24. Nxa4 bxa4 25. Rdc1 Rc4 26. Rc2 Rac8 27. Rac1 a3 28. Kf1 a5 29. bxa5 Rb8 30. Ke1 Kf8 31. Kd2 Ra4 32. c4 dxc4 33. Rxc4 Rb2+ 34. R4c2 Rxa5 35. Rxb2 axb2 36. Rb1 Rxa2 37. Kc2 Ke7 38. Rxb2 Rxb2+ 39. Kxb2 Kd6 40. Kc3 Kd5 41. Kd3 f5 42. f3 g5 43. g3 g4 44. fxg4 fxg4 45. e4+ Kc5 46. Kc3 e5 47. Kd3 Kb4 48. Kd2 Kc4 49. Ke3 Kc3 50. Kf2 Kd3 51. Ke1 Kxe4 52. Ke2 h6 53. Kf2 Kd3 54. Ke1 Ke3 55. Kf1 Kd2 56. Kg2 e4 57. h3 gxh3+ 58. Kxh3 e3 59. Kh4 e2 60. Kh5 e1Q 0-1